[Event "3e Open International des Sables d'Olonn"]
[Site "Les Sables d'Olonne ; France"]
[Date "2016.07.18"]
[Round "3.8"]
[White "Pigeat, Typhaine"]
[Black "Lucidarme, Damien"]
[Result "0-1"]
[WhiteElo "1559"]
[BlackElo "1827"]
[PlyCount "110"]
[EventDate "2016.??.??"]

1. e4 c5 2. Nf3 e6 3. c3 d5 4. Bb5+ Bd7 5. Bxd7+ Qxd7 6. e5 d4 7. d3 Nc6 8. a4
dxc3 9. bxc3 Rd8 10. Ke2 Nge7 11. Be3 Ng6 12. d4 cxd4 13. cxd4 Qd5 14. Na3 Bxa3
15. Rxa3 Qe4 16. Re1 Ngxe5 17. Nxe5 Nxe5 18. Kf1 Nc4 19. Rb3 Nxe3+ 20. fxe3 O-O
21. Qd2 Rc8 22. Rc1 Rc6 23. Rxc6 Qxc6 24. Qb4 b6 25. Rc3 Qe4 26. Qb3 g6 27. Qc2
Qd5 28. Rc7 Qa5 29. e4 Rd8 30. Rc4 b5 31. axb5 Qxb5 32. Kf2 Kg7 33. Qa4 a6 34.
Qxb5 axb5 35. Rb4 Rb8 36. Ke3 Kf6 37. h4 h5 38. Kf4 Kg7 39. Ke5 Rb6 40. d5 f6+
41. Kd4 exd5 42. exd5 Kf7 43. Kc5 Rb8 44. Rxb5 Rc8+ 45. Kd4 g5 46. hxg5 fxg5
47. d6 Kf6 48. Kd5 Rc2 49. d7 Ke7 50. Rb7 Rxg2 51. Ke5 h4 52. d8=Q+ Kxd8 53.
Rh7 Rg3 54. Kf5 Ke8 55. Rh8+ Kd7 0-1

[Event "3e Open International des Sables d'Olonn"]
[Site "Les Sables d'Olonne ; France"]
[Date "2016.07.18"]
[Round "3.9"]
[White "Lambert, Thomas"]
[Black "Saucourt, Nathan"]
[Result "1-0"]
[WhiteElo "1821"]
[BlackElo "1637"]
[PlyCount "43"]
[EventDate "2016.??.??"]

1. e4 c5 2. Nf3 e6 3. d4 cxd4 4. Nxd4 Nf6 5. Bd3 Nc6 6. c3 Qb6 7. Nd2 Nxd4 8.
Nc4 Qc7 9. cxd4 Nxe4 10. Qf3 Bb4+ 11. Ke2 Nf6 12. Bg5 Be7 13. Rac1 O-O 14. h4
h6 15. Bxf6 Bxf6 16. Qe4 Rd8 17. g4 d5 18. Qh7+ Kf8 19. Ne5 Qd6 20. f4 Qb4 21.
Rc7 Qxb2+ 22. Ke3 1-0

[Event "3e Open International des Sables d'Olonn"]
[Site "Les Sables d'Olonne ; France"]
[Date "2016.07.18"]
[Round "3.10"]
[White "De Lussac, Estephe"]
[Black "Chabanon, Jean-Luc"]
[Result "1/2-1/2"]
[WhiteElo "1996"]
[BlackElo "2466"]
[PlyCount "68"]
[EventDate "2016.??.??"]

1. e4 d6 2. d4 g6 3. Nc3 Bg7 4. Be3 a6 5. Nf3 b5 6. Bd3 Nd7 7. e5 Bb7 8. e6
fxe6 9. Ng5 Nf8 10. Qe2 Qd7 11. O-O-O Bxg2 12. Rhg1 Bb7 13. h4 Nh6 14. Nce4 Nf5
15. Nf3 Bd5 16. Nc3 Bc6 17. Bxf5 exf5 18. d5 Bb7 19. Bd4 Bxd4 20. Nxd4 b4 21.
Nb1 Bxd5 22. c4 bxc3 23. Nxc3 Bf7 24. Rge1 c5 25. Nc6 Be6 26. Ne5 Qb7 27. Nc4
Rb8 28. b3 Bxc4 29. Qxc4 Qc6 30. Nd5 e5 31. Nf6+ Ke7 32. Nd5+ Ke8 33. Nf6+ Ke7
34. Nd5+ Ke8 1/2-1/2

[Event "3e Open International des Sables d'Olonn"]
[Site "Les Sables d'Olonne ; France"]
[Date "2016.07.18"]
[Round "4.1"]
[White "Lagarde, Maxime"]
[Black "Frick, Christoph"]
[Result "1-0"]
[WhiteElo "2575"]
[BlackElo "2245"]
[Annotator "Violeau,Jean-Luc"]
[PlyCount "80"]
[EventDate "2016.??.??"]

1. e4 c6 2. c4 d5 3. exd5 cxd5 4. cxd5 Nf6 5. Nc3 Nxd5 6. Nf3 Nc6 7. Bb5 e6 8.
O-O Be7 9. Re1 O-O 10. d4 Nf6 11. a3 a6 12. Bxc6 bxc6 13. Bg5 c5 14. dxc5 Bxc5
15. Qe2 Be7 16. Red1 Qa5 17. Ne5 Bb7 18. b4 Qb6 19. Na4 Qb5 20. Qxb5 axb5 21.
Nc3 Rfc8 22. Nxb5 Bd5 23. f3 h6 24. Be3 Bb3 25. Rdc1 Nd5 26. Rxc8+ Rxc8 27. Rc1
Rb8 28. Nd4 Ra8 29. Bd2 Rxa3 30. Rc8+ Kh7 31. Bc1 Ra2 32. Nxb3 Bxb4 33. Nxf7
Bc3 34. Nd6 Re2 35. Ne4 Bb4 36. Kf1 Re1+ 37. Kf2 Rh1 38. Bd2 Be7 39. Nd4 Rxh2
40. Nxe6 Rh1 {1-0 Lagarde,M (2575)-Frick,C (2245)/Open 2016} 1-0

[Event "3e Open International des Sables d'Olonn"]
[Site "Les Sables d'Olonne ; France"]
[Date "2016.07.18"]
[Round "4.2"]
[White "Lucidarme, Damien"]
[Black "Okhotnik, Vladimir"]
[Result "1-0"]
[WhiteElo "1827"]
[BlackElo "2454"]
[Annotator "Violeau,Jean-Luc"]
[PlyCount "123"]
[EventDate "2016.??.??"]

1. e4 c5 2. Bc4 Nc6 3. Nc3 e6 4. a3 Nf6 5. Ba2 d5 6. f3 a6 7. d3 b5 8. Nh3 Bb7
9. O-O Be7 10. Nf2 O-O 11. Kh1 h6 12. Re1 dxe4 13. Ncxe4 Qc7 14. Be3 Nxe4 15.
Nxe4 Na5 16. Qd2 Bxe4 17. fxe4 Kh7 18. Rf1 Nc6 19. Qd1 Ne5 20. Qh5 Ng6 21. Rf2
Qe5 22. Qxe5 Nxe5 23. h3 Rac8 24. g3 Rfd8 25. Raf1 Rc6 26. Bf4 Ng6 27. Bd2 Bf6
28. Bc1 c4 29. dxc4 bxc4 30. c3 Ne5 31. Bb1 Nd3 32. Bxd3 Rxd3 33. Kg2 Rd7 34.
e5 Bxe5 35. Rxf7 Rxf7 36. Rxf7 Kg6 37. Rd7 Kf6 38. Kf3 Rd6 39. Rxd6 Bxd6 40. g4
Ke5 41. h4 Be7 42. h5 Kd5 43. Bd2 e5 44. Be3 Bh4 45. Bd2 Bf6 46. Be3 Be7 47.
Bd2 Bc5 48. Bc1 Bb6 49. Bd2 Bc7 50. Be3 Bd6 51. g5 Bf8 52. g6 e4+ 53. Kg4 Ke6
54. Kf4 Kd5 55. Kf5 Bc5 56. Bxc5 Kxc5 57. Kxe4 Kb5 58. Kd5 a5 59. Ke6 Ka4 60.
Kf7 Kb3 61. Kxg7 Kxb2 62. Kxh6 {1-0 Lucidarme,D (1827)-Okhotnik,V (2454)/Open
2016} 1-0

[Event "3e Open International des Sables d'Olonn"]
[Site "Les Sables d'Olonne ; France"]
[Date "2016.07.18"]
[Round "4.3"]
[White "Lambert, Thomas"]
[Black "Grishchenko, Sergey"]
[Result "0-1"]
[WhiteElo "1821"]
[BlackElo "2441"]
[PlyCount "72"]
[EventDate "2016.??.??"]

1. e4 c6 2. d4 d5 3. Nc3 dxe4 4. Nxe4 Nf6 5. Nxf6+ gxf6 6. Nf3 Bf5 7. Bd3 Rg8
8. Bf4 Qa5+ 9. Qd2 Qxd2+ 10. Kxd2 Bxd3 11. Kxd3 Nd7 12. c3 O-O-O 13. Kc2 Nb6
14. Rhe1 e6 15. Bg3 h5 16. Re4 Be7 17. Re2 Rg4 18. Nd2 Rdg8 19. f3 R4g6 20. Rg1
f5 21. Be5 Nd5 22. c4 Rxg2 23. Rgxg2 Rxg2 24. Rxg2 Ne3+ 25. Kd3 Nxg2 26. Nf1
Nh4 27. Ke2 Ng6 28. Bg3 Bf6 29. Kd3 h4 30. Be1 Nf4+ 31. Ke3 Ng2+ 32. Ke2 Nxe1
33. Kxe1 Bxd4 34. b3 Be5 35. h3 Bf4 36. Ke2 b5 0-1

[Event "3e Open International des Sables d'Olonn"]
[Site "Les Sables d'Olonne ; France"]
[Date "2016.07.18"]
[Round "4.4"]
[White "Bogdanov, Egor"]
[Black "Bailet, Pierre"]
[Result "1/2-1/2"]
[WhiteElo "2269"]
[BlackElo "2500"]
[PlyCount "44"]
[EventDate "2016.??.??"]

1. e4 g6 2. d4 Bg7 3. Nf3 d6 4. Bc4 c6 5. O-O d5 6. exd5 cxd5 7. Bb5+ Bd7 8.
Qe2 Nf6 9. Ne5 O-O 10. Nxd7 Nbxd7 11. Nd2 e6 12. c3 Rc8 13. Nf3 Ne4 14. Bf4 Nb6
15. Qe3 Nd6 16. Bd3 Nbc4 17. Qc1 Nf5 18. Bxf5 gxf5 19. Bh6 f6 20. Bxg7 Kxg7 21.
Re1 Qd7 22. Nd2 Nd6 1/2-1/2

[Event "3e Open International des Sables d'Olonn"]
[Site "Les Sables d'Olonne ; France"]
[Date "2016.07.18"]
[Round "4.5"]
[White "Stets, Dmitry"]
[Black "Duboue, Peio"]
[Result "1/2-1/2"]
[WhiteElo "2416"]
[BlackElo "2400"]
[PlyCount "107"]
[EventDate "2016.??.??"]

1. e4 e5 2. Nf3 Nc6 3. Bb5 Nf6 4. O-O Be7 5. d4 exd4 6. e5 Nd5 7. Re1 O-O 8.
Nxd4 Nxd4 9. Qxd4 c6 10. Bd3 Nb4 11. Bf4 Nxd3 12. Qxd3 f6 13. exf6 Rxf6 14. Bg5
Rf7 15. Rxe7 Rxe7 16. Nd2 h6 17. Bxe7 Qxe7 18. Nf3 d5 19. Re1 Qf8 20. Nd4 Bd7
21. c3 Re8 22. Re3 Rxe3 23. Qxe3 Qe8 24. Qxe8+ Bxe8 25. b4 Bd7 26. f4 Kf7 27.
Kf2 Ke7 28. Ke3 b6 29. f5 c5 30. bxc5 bxc5 31. Nb3 Kd6 32. g4 Ba4 33. Nd2 Bd1
34. Kf4 Kc6 35. h4 Kd6 36. g5 hxg5+ 37. hxg5 Bc2 38. Nf3 Bb1 39. a3 d4 40. cxd4
c4 41. f6 gxf6 42. gxf6 c3 43. Ne5 c2 44. Nd3 Ba2 45. Ke3 Bg8 46. Kd2 Kd5 47.
Kc3 Ke4 48. a4 a5 49. Nc1 Ke3 50. Kxc2 Kxd4 51. Nb3+ Ke5 52. Nxa5 Kxf6 53. Kc3
Ke5 54. Nc4+ 1/2-1/2

[Event "3e Open International des Sables d'Olonn"]
[Site "Les Sables d'Olonne ; France"]
[Date "2016.07.18"]
[Round "4.6"]
[White "Kirk, Ezra"]
[Black "Navrotescu, Andreea-Cristiana"]
[Result "1-0"]
[WhiteElo "2349"]
[BlackElo "2289"]
[PlyCount "77"]
[EventDate "2016.??.??"]

1. c4 c5 2. Nc3 Nc6 3. g3 g6 4. Bg2 Bg7 5. e3 Nh6 6. Nge2 Nf5 7. O-O h5 8. h3
d6 9. d3 Bd7 10. Nf4 e6 11. a3 Nfe7 12. Bd2 f5 13. h4 Kf7 14. Nh3 Bf6 15. Rb1
Rb8 16. b4 Kg7 17. Qe2 Be8 18. b5 Ne5 19. d4 Nd7 20. d5 e5 21. e4 f4 22. gxf4
Bxh4 23. fxe5 Nxe5 24. f4 Ng4 25. Nd1 Bf6 26. Bc3 Bxc3 27. Nxc3 Bd7 28. Nd1 Ng8
29. e5 Bf5 30. Rb3 dxe5 31. fxe5 Qe7 32. Ne3 N8h6 33. e6 Qf6 34. Nxf5+ Nxf5 35.
Qb2 Qxb2 36. Rxb2 Kf6 37. Re2 Rhe8 38. Nf4 Ng3 39. Nxh5+ 1-0

[Event "3e Open International des Sables d'Olonn"]
[Site "Les Sables d'Olonne ; France"]
[Date "2016.07.18"]
[Round "4.7"]
[White "Tirard, Hugo"]
[Black "Gerard, Nicolas"]
[Result "1-0"]
[WhiteElo "2452"]
[BlackElo "2192"]
[PlyCount "73"]
[EventDate "2016.??.??"]

1. e4 c5 2. Nc3 d6 3. Nge2 Nf6 4. d4 cxd4 5. Nxd4 a6 6. h3 e6 7. g4 d5 8. exd5
Nxd5 9. Nde2 h5 10. Nxd5 exd5 11. g5 Bd6 12. Bg2 Nc6 13. Be3 Qe7 14. Qxd5 Be6
15. Qe4 Be5 16. O-O g6 17. Nf4 Bf5 18. Qf3 O-O 19. Nd5 Qe6 20. c3 Kh8 21. Rfe1
Rfe8 22. Bc5 Rac8 23. Re3 Rcd8 24. Nf6 Qc4 25. Nxe8 Qxc5 26. Nf6 Rd2 27. Ne4
Bxe4 28. Rxe4 Kg8 29. Re2 Rxe2 30. Qxe2 Bc7 31. h4 Qd6 32. Kf1 Qh2 33. Qc4 Bf4
34. Rd1 Qxh4 35. Qc5 Kg7 36. Rd7 Ne5 37. Rd8 1-0

[Event "3e Open International des Sables d'Olonn"]
[Site "Les Sables d'Olonne ; France"]
[Date "2016.07.18"]
[Round "4.8"]
[White "Colin, Vincent"]
[Black "Thibault, Pierre-Olivier"]
[Result "1-0"]
[WhiteElo "2395"]
[BlackElo "2049"]
[PlyCount "57"]
[EventDate "2016.??.??"]

1. d4 Nf6 2. c4 c5 3. d5 e5 4. Nc3 d6 5. e4 Be7 6. f4 exf4 7. Bxf4 O-O 8. Bd3
Nbd7 9. Nf3 Nh5 10. g3 g6 11. O-O Ndf6 12. Bd2 Bg4 13. Qc2 Bxf3 14. Rxf3 Nd7
15. Rf2 Bg5 16. Raf1 a6 17. Be2 Ng7 18. Bf4 Qe7 19. Qd2 h6 20. h4 Bxf4 21. gxf4
f5 22. e5 dxe5 23. fxe5 Nxe5 24. Qxh6 Kf7 25. d6 Qxd6 26. Ne4 Qd4 27. Ng5+ Kf6
28. Nh7+ Kf7 29. Rd1 1-0

[Event "3e Open International des Sables d'Olonn"]
[Site "Les Sables d'Olonne ; France"]
[Date "2016.07.18"]
[Round "4.10"]
[White "Flachet, Thierry"]
[Black "Bedouin, Xavier"]
[Result "1/2-1/2"]
[WhiteElo "2175"]
[BlackElo "2341"]
[PlyCount "125"]
[EventDate "2016.??.??"]

1. Nf3 c5 2. c4 Nc6 3. d4 cxd4 4. Nxd4 g6 5. e4 Nf6 6. Nc3 d6 7. Be2 Nxd4 8.
Qxd4 Bg7 9. Be3 O-O 10. Qd2 a5 11. O-O a4 12. Rac1 Qa5 13. f3 Be6 14. Rfd1 Rfc8
15. Nd5 Qxd2 16. Rxd2 Bxd5 17. exd5 Nd7 18. Rdc2 Nc5 19. Rd1 Ra6 20. Kf2 Rb6
21. Rdd2 Rb4 22. Ke1 f5 23. Kd1 Bf6 24. Bxc5 dxc5 25. Bd3 Rd8 26. Re2 Kf7 27.
Kc1 Rd6 28. g3 Bd4 29. Kd1 Rdb6 30. Kc1 Ra6 31. Kb1 a3 32. b3 Bb2 33. Re1 Rbb6
34. Rce2 e5 35. dxe6+ Rxe6 36. Kc2 Rxe2+ 37. Rxe2 Bd4 38. Re1 Bf2 39. Re2 Bg1
40. h3 Rf6 41. Rg2 Be3 42. Kc3 b6 43. Re2 f4 44. gxf4 Bd4+ 45. Kd2 Rxf4 46. Be4
Kf6 47. Bb7 Kg5 48. Re7 h5 49. Re6 Rh4 50. Bc8 Rxh3 51. Rxg6+ Kxg6 52. Bxh3 Kg5
53. f4+ Kxf4 54. Ke2 Bf6 55. Bg2 Bg5 56. Bd5 Ke5 57. Kd3 h4 58. Bh1 Bc1 59. Bc6
Kf4 60. Ke2 h3 61. Bd5 Kg3 62. Kf1 Bh6 63. Bc6 1/2-1/2

[Event "3e Open International des Sables d'Olonn"]
[Site "Les Sables d'Olonne ; France"]
[Date "2016.07.19"]
[Round "5.1"]
[White "Grishchenko, Sergey"]
[Black "Lagarde, Maxime"]
[Result "1-0"]
[WhiteElo "2441"]
[BlackElo "2575"]
[Annotator "Violeau,Jean-Luc"]
[PlyCount "87"]
[EventDate "2016.??.??"]

1. d4 Nf6 2. c4 e6 3. Nf3 Bb4+ 4. Nbd2 O-O 5. a3 Be7 6. e4 d6 7. Bd3 e5 8. O-O
Nc6 9. d5 Nb8 10. c5 Nbd7 11. cxd6 Bxd6 12. Nc4 Re8 13. b4 Nf8 14. Nfd2 Ng6 15.
Nxd6 cxd6 16. Nc4 Rf8 17. f4 b5 18. Na5 exf4 19. Bxf4 Re8 20. Bg3 Ng4 21. Qd2
Qb6+ 22. Kh1 Bd7 23. h3 N4e5 24. Bf2 Qd8 25. Be2 Nc4 26. Nxc4 bxc4 27. Bxc4
Rxe4 28. Bb3 Ne5 29. Bg3 Rc8 30. Rae1 Rxe1 31. Rxe1 f6 32. Rc1 Bf5 33. Rc3 Qd7
34. Qc1 Re8 35. Kh2 Qb5 36. Qd1 Rc8 37. Rxc8+ Bxc8 38. Qc2 Qd7 39. Ba4 Qd8 40.
Bf2 Bb7 41. Bxa7 Bxd5 42. Bb6 Qa8 43. Bb3 g5 44. Qe4 {1-0 Grishchenko,S (2441)
-Lagarde,M (2575)/Open 2016} 1-0

[Event "3e Open International des Sables d'Olonn"]
[Site "Les Sables d'Olonne ; France"]
[Date "2016.07.19"]
[Round "5.2"]
[White "Lucidarme, Damien"]
[Black "Ruhlmann, Helene"]
[Result "0-1"]
[WhiteElo "1827"]
[BlackElo "1730"]
[Annotator "Violeau,Jean-Luc"]
[PlyCount "96"]
[EventDate "2016.??.??"]

1. e4 c6 2. Nc3 d5 3. g3 d4 4. Nce2 e5 5. d3 c5 6. f4 Nc6 7. a3 Nf6 8. Bh3 Be7
9. Bxc8 Rxc8 10. h3 c4 11. Nf3 exf4 12. gxf4 Nh5 13. O-O h6 14. dxc4 g5 15. f5
Rg8 16. Nfxd4 Bc5 17. c3 g4 18. Kf2 Qh4+ 19. Ke3 Qxh3+ 20. Kd2 g3 21. Kc2 g2
22. Rg1 Ne5 23. b4 Be7 24. Nf4 Nxf4 25. Bxf4 Bf6 26. c5 Rg4 27. Nb5 Rxf4 28.
Nd6+ Kf8 29. Nxc8 Rf2+ 30. Kb3 Nf3 31. e5 Nxe5 32. Nd6 Nf3 33. Qd5 Ng5 34. Rae1
Qxc3+ 35. Ka4 Rd2 36. Qxb7 Ra2 37. Qa8+ Kg7 38. Ne8+ Kh7 39. Nxf6+ Qxf6 40.
Rxg2 Qa6+ 41. Kb3 Rxa3+ 42. Kb2 Qd3 43. Rc2 Qb3+ 44. Kc1 Ra1+ 45. Kd2 Qxb4+ 46.
Kd3 Qxe1 47. Qb7 Ra3+ 48. Kc4 Qh4+ {Kd4 0-1 Lucidarme,D (1827)-Ruhlmann,H 
(1730)/Open 2016} 0-1

[Event "3e Open International des Sables d'Olonn"]
[Site "Les Sables d'Olonne ; France"]
[Date "2016.07.19"]
[Round "5.3"]
[White "Okhotnik, Vladimir"]
[Black "Kirk, Ezra"]
[Result "1/2-1/2"]
[WhiteElo "2454"]
[BlackElo "2349"]
[PlyCount "114"]
[EventDate "2016.??.??"]

1. e4 e6 2. Nf3 d5 3. exd5 exd5 4. d4 Nf6 5. c4 Bb4+ 6. Nc3 O-O 7. Bd3 dxc4 8.
Bxc4 Bg4 9. Be3 Nc6 10. Be2 Nd5 11. Bd2 Nce7 12. O-O c6 13. h3 Bh5 14. Re1 Ba5
15. Nxd5 Nxd5 16. Bxa5 Qxa5 17. Bc4 Rfe8 18. g4 Bg6 19. Ne5 Rad8 20. Nxg6 hxg6
21. Rxe8+ Rxe8 22. Qf3 Nf6 23. Kg2 g5 24. Rd1 Rd8 25. a3 Rd7 26. b4 Qd8 27. Qe3
Nd5 28. Bxd5 Rxd5 29. Qe4 g6 30. Rd3 Kg7 31. f4 Qf6 32. fxg5 Qxg5 33. Rf3 Qd8
34. Qf4 f6 35. Rd3 g5 36. Qe4 Rd7 37. h4 gxh4 38. Qf4 Qe7 39. Re3 Qd6 40. Qxd6
Rxd6 41. Re7+ Kg6 42. Kh3 Rxd4 43. Rxb7 Rd3+ 44. Kxh4 Rxa3 45. b5 cxb5 46. Rxb5
Ra1 47. Kh3 a5 48. Kh2 a4 49. Ra5 a3 50. Kg2 a2 51. Kh2 Kf7 52. g5 fxg5 53. Ra6
Ke7 54. Kg2 Kd7 55. Kh2 Kc7 56. Ra3 Kc6 57. Kg2 Kd5 1/2-1/2

[Event "3e Open International des Sables d'Olonn"]
[Site "Les Sables d'Olonne ; France"]
[Date "2016.07.19"]
[Round "5.4"]
[White "Bailet, Pierre"]
[Black "Imperor, Amelie"]
[Result "1-0"]
[WhiteElo "2500"]
[BlackElo "1866"]
[PlyCount "59"]
[EventDate "2016.??.??"]

1. Nf3 Nf6 2. c4 e6 3. g3 b6 4. d4 Bb7 5. Bg2 Be7 6. O-O O-O 7. Re1 c5 8. d5
exd5 9. Nh4 Ne4 10. cxd5 Nd6 11. Bf4 Re8 12. e4 Bxh4 13. Bxd6 Be7 14. Bxe7 Rxe7
15. e5 d6 16. f4 Na6 17. Nc3 Qd7 18. Qd2 Rae8 19. Rad1 dxe5 20. d6 Re6 21. Bxb7
Qxb7 22. f5 Rh6 23. Rxe5 Qd7 24. Rxe8+ Qxe8 25. d7 Qd8 26. Re1 Nc7 27. Nb5 Ne6
28. fxe6 fxe6 29. Nxa7 e5 30. Rxe5 1-0

[Event "3e Open International des Sables d'Olonn"]
[Site "Les Sables d'Olonne ; France"]
[Date "2016.07.19"]
[Round "5.5"]
[White "Bogdanov, Egor"]
[Black "Tirard, Hugo"]
[Result "1/2-1/2"]
[WhiteElo "2269"]
[BlackElo "2452"]
[Annotator "Violeau,Jean-Luc"]
[PlyCount "61"]
[EventDate "2016.??.??"]

1. e4 c5 2. Nf3 Nc6 3. d4 cxd4 4. Nxd4 e5 5. Nb5 d6 6. N1c3 a6 7. Na3 Be7 8.
Nd5 Nf6 9. Nxf6+ Bxf6 10. Nc4 Be7 11. Be3 Be6 12. Nb6 Rb8 13. Nd5 Bxd5 14. Qxd5
Bg5 15. Bc4 O-O 16. O-O Kh8 17. Rad1 Bxe3 18. fxe3 Qb6 19. Rxf7 Qxe3+ 20. Kh1
Qg5 21. Rdf1 Rxf7 22. Qxf7 h6 23. h3 Ne7 24. Kh2 Kh7 25. Be6 b5 26. c3 Rd8 27.
g3 Qd2+ 28. Rf2 Qe3 29. h4 Ng6 30. Rf6 Qe2+ 31. Rf2 1/2-1/2

[Event "3e Open International des Sables d'Olonn"]
[Site "Les Sables d'Olonne ; France"]
[Date "2016.07.19"]
[Round "5.6"]
[White "Frick, Christoph"]
[Black "Stets, Dmitry"]
[Result "0-1"]
[WhiteElo "2245"]
[BlackElo "2416"]
[PlyCount "69"]
[EventDate "2016.??.??"]

1. d4 g6 2. e4 Bg7 3. Nc3 c5 4. d5 d6 5. f4 a6 6. a4 f5 7. Bd3 Bxc3+ 8. bxc3
fxe4 9. Bxe4 Nf6 10. Bf3 Qa5 11. Ne2 Nbd7 12. Bd2 c4 13. Be3 Nb6 14. Bxb6 Qxb6
15. Rb1 Qc7 16. O-O O-O 17. Qd4 Bf5 18. Rfc1 Rab8 19. Rb6 Rfc8 20. a5 Qc5 21.
Qxc5 Rxc5 22. Nd4 Nxd5 23. Bxd5+ Rxd5 24. Nc6 Re8 25. Rxb7 Kf8 26. Re1 Rd2 27.
h3 Rxc2 28. g4 Bc8 29. Rbxe7 Rxe7 30. Rxe7 Rxc3 31. Rxh7 Be6 32. Nd4 Bf7 33. f5
Rd3 34. Ne2 gxf5 35. gxf5 0-1

[Event "3e Open International des Sables d'Olonn"]
[Site "Les Sables d'Olonne ; France"]
[Date "2016.07.19"]
[Round "5.7"]
[White "Duboue, Peio"]
[Black "Bouthier, Jacques"]
[Result "1-0"]
[WhiteElo "2400"]
[BlackElo "1839"]
[PlyCount "85"]
[EventDate "2016.??.??"]

1. e4 c5 2. Nf3 d6 3. d4 cxd4 4. Nxd4 Nf6 5. Nc3 a6 6. Qf3 e5 7. Nf5 Nc6 8. Bd3
h6 9. O-O g6 10. Ne3 Be6 11. b3 b5 12. Bb2 Bg7 13. a3 O-O 14. Qe2 Nd4 15. Qd2
Qb6 16. Kh1 Rac8 17. Rad1 Nc6 18. f4 exf4 19. Rxf4 Ne5 20. Rdf1 Qd8 21. Be2 g5
22. R4f2 Rxc3 23. Qxc3 Nxe4 24. Qd4 Nxf2+ 25. Rxf2 f5 26. a4 f4 27. Nd5 bxa4
28. bxa4 Rf7 29. Qd1 Qa5 30. c4 Bxd5 31. cxd5 Qb6 32. Bd4 Qa5 33. h3 Rc7 34.
Qb1 Rc8 35. Bxe5 Bxe5 36. Qg6+ Kf8 37. Qf5+ Kg7 38. Qd7+ Kf6 39. Qxc8 Qe1+ 40.
Rf1 Qxe2 41. Qe6+ Kg7 42. Rb1 Bb2 43. Qxe2 1-0

[Event "3e Open International des Sables d'Olonn"]
[Site "Les Sables d'Olonne ; France"]
[Date "2016.07.19"]
[Round "5.8"]
[White "Hutois, Mickael"]
[Black "Colin, Vincent"]
[Result "1/2-1/2"]
[WhiteElo "2223"]
[BlackElo "2395"]
[PlyCount "45"]
[EventDate "2016.??.??"]

1. e4 e5 2. Nf3 Nc6 3. Bc4 Bc5 4. c3 Nf6 5. d3 a6 6. Bb3 Ba7 7. Nbd2 O-O 8. h3
d5 9. Qe2 d4 10. cxd4 Nxd4 11. Nxd4 Bxd4 12. Nf3 Nd7 13. Bg5 Qe8 14. Nxd4 exd4
15. Rc1 Qe5 16. f4 Qd6 17. e5 Qb4+ 18. Kf1 Qb6 19. e6 fxe6 20. Qxe6+ Kh8 21.
Qxb6 cxb6 22. g3 Nc5 23. Be7 1/2-1/2

[Event "3e Open International des Sables d'Olonn"]
[Site "Les Sables d'Olonne ; France"]
[Date "2016.07.19"]
[Round "5.9"]
[White "Le Goff, Ronan"]
[Black "Lambert, Thomas"]
[Result "1-0"]
[WhiteElo "2321"]
[BlackElo "1821"]
[PlyCount "59"]
[EventDate "2016.??.??"]

1. Nf3 Nf6 2. g3 d5 3. Bg2 c5 4. c4 Nc6 5. O-O e6 6. d4 cxd4 7. Nxd4 e5 8. Nxc6
bxc6 9. Nc3 Be6 10. Bg5 e4 11. Bxf6 gxf6 12. cxd5 cxd5 13. Qa4+ Qd7 14. Qxd7+
Kxd7 15. Rfd1 f5 16. Nxd5 Bd6 17. g4 Rab8 18. Rd2 fxg4 19. Rad1 f5 20. a4 Rhc8
21. Nc3 Rc6 22. Nb5 Rbb6 23. Nxa7 Bb3 24. Nxc6 Bxd1 25. Nd4 Bxa4 26. Nxf5 Bb5
27. Bxe4 Ke6 28. Rxd6+ Rxd6 29. Nxd6 Kxd6 30. Bd3 1-0

[Event "3e Open International des Sables d'Olonn"]
[Site "Les Sables d'Olonne ; France"]
[Date "2016.07.19"]
[Round "5.10"]
[White "Fernandez, Leon"]
[Black "Calistri, Tristan"]
[Result "0-1"]
[WhiteElo "1731"]
[BlackElo "2300"]
[PlyCount "64"]
[EventDate "2016.??.??"]

1. e4 c5 2. Nf3 e6 3. d4 cxd4 4. Nxd4 a6 5. Nc3 Qc7 6. Be2 Nf6 7. O-O Nc6 8.
Be3 Bb4 9. f3 Bxc3 10. bxc3 d5 11. Bd3 Ne5 12. Bf4 dxe4 13. fxe4 Qc5 14. Bxe5
Qxe5 15. Qf3 O-O 16. Kh1 Bd7 17. Rfe1 Rac8 18. Bf1 Rc7 19. Rad1 Rfc8 20. Re3 h6
21. h3 Be8 22. Rd2 Qa5 23. Nb3 Qxa2 24. g4 Qb2 25. h4 Rxc3 26. g5 Rxe3 27. Qxe3
Nxe4 28. Rg2 Rxc2 29. Qxe4 Bc6 30. Qg4 Qxb3 31. gxh6 Qb2 32. hxg7 Rxg2 0-1

[Event "3e Open International des Sables d'Olonn"]
[Site "Les Sables d'Olonne ; France"]
[Date "2016.07.20"]
[Round "6.1"]
[White "Ruhlmann, Helene"]
[Black "Grishchenko, Sergey"]
[Result "1/2-1/2"]
[WhiteElo "1730"]
[BlackElo "2441"]
[Annotator "Violeau,Jean-Luc"]
[PlyCount "164"]
[EventDate "2016.??.??"]

1. Nf3 Nf6 2. g3 c5 3. Bg2 Nc6 4. O-O d5 5. d4 e6 6. c4 Be7 7. Nc3 O-O 8. cxd5
exd5 9. Bf4 a6 10. Rc1 c4 11. Ne5 Na5 12. Bg5 h6 13. Bxf6 gxf6 14. Nf3 f5 15.
Ne5 Be6 16. e3 Bf6 17. Qh5 Bg7 18. Rfd1 Rc8 19. f4 Nc6 20. Rd2 Ne7 21. Nd1 f6
22. Nf3 Qe8 23. Qh3 b5 24. Nh4 Kh7 25. Bf3 Rg8 26. Rg2 Bh8 27. e4 fxe4 28. Qxe6
exf3 29. Nxf3 Rc6 30. Qe2 Nf5 31. Nc3 Qxe2 32. Rxe2 Rd6 33. Rce1 b4 34. Na4 Rc6
35. Re6 Rxe6 36. Rxe6 Rc8 37. Nb6 Rd8 38. Rc6 Bg7 39. Na4 Rd6 40. Rxd6 Nxd6 41.
Nb6 c3 42. bxc3 bxc3 43. Ne1 f5 44. Nc2 Nb5 45. Nxd5 Nxd4 46. Nde3 Kg6 47. Kf1
Kf7 48. Nxd4 Bxd4 49. Ke2 Ke6 50. Kd3 Bxe3 51. Kxe3 Kd5 52. Kd3 h5 53. Kxc3 Ke4
54. Kc4 Kf3 55. Kd5 Kg2 56. Ke5 Kxh2 57. Kxf5 Kxg3 58. Kg5 h4 59. f5 h3 60. f6
h2 61. f7 h1=Q 62. f8=Q Qc1+ 63. Kg6 Qc2+ 64. Qf5 Qxa2 65. Qd3+ Kf2 66. Qd4+
Ke2 67. Qg4+ Kd3 68. Qf3+ Kd4 69. Qf4+ Kc3 70. Qf6+ Kb3 71. Qe6+ Kb2 72. Qe2+
Ka1 73. Qe5+ Kb1 74. Qe1+ Kc2 75. Qe2+ Kb3 76. Qe6+ Kb2 77. Qe2+ Kb1 78. Qe1+
Kb2 79. Qe2+ Ka1 80. Qe5+ Qb2 81. Qa5+ Qa2 82. Qe5+ Kb1 {1/2-1/2 Ruhlmann,H 
(1730)-Grishchenko,S (2441)/Open 2016} 1/2-1/2

[Event "3e Open International des Sables d'Olonn"]
[Site "Les Sables d'Olonne ; France"]
[Date "2016.07.20"]
[Round "6.2"]
[White "Lagarde, Maxime"]
[Black "Le Goff, Ronan"]
[Result "1/2-1/2"]
[WhiteElo "2575"]
[BlackElo "2321"]
[Annotator "Violeau,Jean-Luc"]
[PlyCount "113"]
[EventDate "2016.??.??"]

1. Nf3 Nf6 2. g3 e6 3. Bg2 d5 4. O-O Be7 5. d3 O-O 6. Nbd2 Nc6 7. e4 dxe4 8.
dxe4 e5 9. Qe2 Bc5 10. c3 a5 11. Nc4 Qe7 12. Nh4 Bg4 13. Qc2 Qe6 14. Ne3 Bh3
15. Re1 Bxg2 16. Kxg2 Rfd8 17. h3 Qd7 18. Nef5 Qd3 19. Qxd3 Rxd3 20. Bg5 Ne8
21. Rad1 Rxd1 22. Rxd1 f6 23. Be3 Bf8 24. Kf3 Rd8 25. Rxd8 Nxd8 26. Bd2 Ne6 27.
Ke2 g6 28. Nh6+ Bxh6 29. Bxh6 Nd6 30. Be3 Nxe4 31. Nf3 Kf7 32. Kd3 Nd6 33. Nd2
f5 34. f4 e4+ 35. Ke2 b6 36. a4 Nd8 37. b3 Nc6 38. Nb1 Ke6 39. Na3 Kd7 40. Bf2
Nd8 41. Nc2 Ne6 42. Be3 c5 43. Na3 Kc6 44. Nc2 b5 45. axb5+ Kxb5 46. Kd2 a4 47.
Na3+ Ka5 48. Kc2 axb3+ 49. Kxb3 Kb6 50. Nc4+ Nxc4 51. Kxc4 Kc6 52. h4 Kd6 53.
Bf2 h6 54. Be3 Kc6 55. Bf2 Kd6 56. Be3 Kc6 57. Bf2 {1/2-1/2 Lagarde,M (2575)
-Le Goff,R (2321)/Open 2016} 1/2-1/2